| 000 | nam a22 7a 4500 | ||
|---|---|---|---|
| 999 |
_c29288 _d29288 |
||
| 008 | 171124b xxu||||| |||| 00| 0 eng d | ||
| 020 | _a9789966154453 | ||
| 050 | _aHD 69 .G58 2010. | ||
| 100 |
_aGitonga B.A. _d2010. |
||
| 245 |
_aProject Planning and Scheduling / _bProject Support Information Consultants / _cGitonga B.A |
||
| 250 | _a1st ed. | ||
| 260 |
_aKenya: _bPSI Consultants, _c2010. |
||
| 300 |
_aviii,193p. :ill. _bincludes bibliographical references. |
||
| 650 | _aProduction planning. | ||
| 942 |
_2lcc _cSH_L_BOOKS _hHD 69 .G58 2010. |
||